|
|
|
|
| LEADER |
00000nam0a2200000 4500 |
| 001 |
128288 |
| 005 |
20231101220115.0 |
| 010 |
|
|
|a 9780194518888
|
| 035 |
|
|
|a (RuTPU)RU\TPU\book\138760
|
| 090 |
|
|
|a 128288
|
| 100 |
|
|
|a 20071225d2007 m y0engy50 ba
|
| 101 |
0 |
|
|a eng
|
| 102 |
|
|
|a US
|
| 105 |
|
|
|a a j 001zy
|
| 200 |
1 |
|
|a New English File. Pre-Intermediate
|e Teacher's Book
|f C. Oxenden [и др.]
|
| 210 |
|
|
|a New York
|c Oxford University Press
|d 2007
|
| 215 |
|
|
|a 232 p.
|c ил.
|e CD-ROM
|
| 606 |
1 |
|
|a Английский язык
|x Учебные руководства и пособия
|x Учебные руководства и пособия для высшей школы
|2 stltpush
|3 (RuTPU)RU\TPU\subj\29071
|9 52483
|
| 610 |
1 |
|
|a лексика
|
| 610 |
1 |
|
|a грамматика
|
| 610 |
1 |
|
|a упражнения
|
| 610 |
1 |
|
|a разговорная речь
|
| 610 |
1 |
|
|a CD-ROM
|
| 610 |
1 |
|
|a методика
|
| 610 |
1 |
|
|a сертификаты
|
| 610 |
1 |
|
|a преподавание
|
| 686 |
|
|
|a Ш143.21-923
|v LBC/SL-A
|2 rubbk
|
| 701 |
|
1 |
|a Oxenden
|b C.
|g Clive
|
| 701 |
|
1 |
|a Latham-Koenig
|b Ch.
|g Christina
|
| 701 |
|
1 |
|a Seligson
|b P.
|g Paul
|
| 701 |
|
1 |
|a Clandfield
|b L.
|g Lindsay
|
| 801 |
|
1 |
|a RU
|b 63413507
|c 20071225
|g PSBO
|
| 801 |
|
2 |
|a RU
|b 63413507
|c 20210720
|g PSBO
|
| 942 |
|
|
|c BK
|
| 959 |
|
|
|a 96/20071224
|d 2
|e 960,90
|f ЧЗИЛ:1
|f ЯЦ_ИЯК_гл:1
|